| 000 | 004960000a22002050004500 | ||
|---|---|---|---|
| 005 | 20120302052917.0 | ||
| 942 | _cBOOK | ||
| 100 | _a Mahajan, T.T. | ||
| 245 | _a Industry trade and commerce in wastern Maharashtra during the Peshwa period | ||
| 260 |
_aPune: _bPune University, _c1980 |
||
| 300 | _a353p | ||
| 040 | _aENG | ||
| 365 | _bRs. | ||
| 650 | _aHistory | ||
| 650 | _aMaratha History | ||
| 650 | _aIndustry Trade | ||
| 650 | _aCommerce | ||
| 650 | _aBanking | ||
| 650 | _aWages | ||
| 999 |
_c341420 _d341417 |
||